Statistics for AFL: Mike Sheahan's Top 50 of All Time

Click here to take the quiz!

General Stats

  • This quiz has been taken 989 times
  • The average score is 20 of 50

Answer Stats

HintAnswer% Correct
11989-2004 North Melbourne/AdelaideWayne Carey
95%
61983-2002 St Kilda/SydneyTony Lockett
84%
41982-1996 Hawthorn/GeelongGary Ablett Snr
83%
21969-1985 HawthornLeigh Matthews
82%
51985-1998 HawthornJason Dunstall
76%
31951-1970 FootscrayTed Whitten
70%
191992-2006 Brisbane LionsMichael Voss
66%
201992-2007 EssendonJames Hird
64%
341993-2007 Brisbane Bears/CollingwoodNathan Buckley
64%
421996-2010 West Coast/RichmondBen Cousins
61%
91965-1983 RichmondKevin Bartlett
59%
101984-1997 Geelong/Sydney Swans/CarltonGreg Williams
58%
301988-2008 St KildaRobert Harvey
58%
221949-1954 EssendonJohn Coleman
53%
81962-1967 GeelongGraham Farmer
49%
351985-2001 CarltonStephen Silvagni
48%
211920-1937 CollingwoodGordon Coventry
46%
141956-1971 South MelbourneBob Skilton
44%
431972-1991 HawthornMichael Tuck
42%
271922-1934 CollingwoodSyd Coventry
42%
291953-1969 Melbourne/CarltonRon Barassi
41%
131933-1951 EssendonDick Reynolds
38%
391990-2002 West CoastPeter Matera
38%
331986-1997 CarltonStephen Kernahan
38%
251969-1986 CarltonBruce Doull
37%
111963-1975 St Kilda/RichmondIan Stewart
36%
241974-1982 North MelbourneMalcolm Blight
36%
281931-1949 RichmondJack Dyer
35%
71957-1974 CarltonJohn Nicholls
32%
161967-1977 HawthornPeter Hudson
32%
171974-1992 EssendonSimon Madden
30%
261967-1981 Carlton/St KildaAlex Jesaulenko
29%
411961-1975 Geelong/North MelbourneDoug Wade
28%
181967-1977 RichmondRoyce Hart
28%
151931-1942 FitzroyHaydn Bunton Snr
27%
461991-2004 West CoastGlen Jakovich
26%
311955-1974 FitzroyKevin Murray
24%
371906-1922 CollingwoodDick Lee
22%
321970-1977 North MelbourneBarry Cable
18%
381930-1946 South MelbourneBob Pratt
17%
231962-1968 St KildaDarrel Baldock
17%
441967-1981 RichmondFrancis Bourke
15%
121942-1957 EssendonBill Hutchison
13%
361946-1955 CollingwoodBob Rose
11%
481925-1942 Collingwood/FitzroyAlbert Collier
9%
401969-1984 North MelbourneDavid Dench
9%
451965-1980 Collingwood/South Melbourne/FitzroyLen Thompson
8%
471971-1984 FitzroyGary Wilson
5%
501934-1950 MelbourneJack Mueller
3%
491973-1987 North MelbourneWayne Shimmelbusch
3%

Score Distribution

Percentile by Number Answered

Percent of People with Each Score

Your Score History

You have not taken this quiz